| LDR | | 00000nam k2200205 c 4500 |
| 001 | | 000000166046 |
| 005 | | 20180327082015 |
| 007 | | ta |
| 008 | | 120703s2011 ulk 000a kor |
| 020 | |
▼a 9788957022542
▼g 93510 :
▼c \20000 |
| 040 | |
▼a 248032
▼c 248032
▼d 248032 |
| 041 | 1 |
▼a kor
▼h eng |
| 049 | 0 |
▼l EM78365
▼l EM78366
▼c 2 |
| 056 | |
▼a 379.2
▼2 4 |
| 090 | |
▼a 379.2
▼b S665ㅈ |
| 100 | 1 |
▼a Smits, Tinus |
| 245 | 10 |
▼a 자폐증 및 행동발달 장애 절망을 넘어서다 :
▼b 호메오퍼시는 해답을 가지고 있다 :
▼b Cease therapy /
▼d Tinus Smits M.D. 저;,
▼e 김정곤 역. |
| 250 | |
▼a 초판. |
| 260 | |
▼a 서울 :
▼b 신일북스,
▼c 2011. |
| 300 | |
▼a xvii, 185 p. ;
▼c 23 cm. |
| 507 | 10 |
▼t Autism beyond despair :cease therapy |
| 653 | |
▼a 자폐증
▼a 행동발달
▼a 장애
▼a 자폐장애 |
| 700 | 1 |
▼a 김정곤 |
| 900 | 11 |
▼a 스미츠, 티누스 |
| 950 | 0 |
▼b \20000 |
| 990 | |
▼a 관리자
▼b 관리자2
▼b 관리자 |